[Event "AUT-ch Open 2020"]
[Site "Graz"]
[Date "2020.02.18"]
[Round "5.24"]
[White "Horvath, Dominik"]
[Black "Ongut, Tamas Gunes"]
[Result "1/2-1/2"]
[WhiteElo "2450"]
[BlackElo "2302"]
[Annotator "TA"]
[PlyCount "63"]
[EventDate "2020.02.14"]
[EventType "swiss"]
[EventCountry "AUT"]
[SourceTitle "playchess.com"]
[Source "ChessBase"]
[SourceQuality "1"]

{[%evp 9,63,0,0,0,-1,-6,0,0,35,30,19,6,39,39,39,34,44,37,41,47,50,43,49,36,79,88,135,110,121,112,123,61,51,46,34,12,66,66,78,81,66,75,72,0,1,-15,-3,-16,-20,-17,-14,-109,-106,-110,-80,-82]} 1. d4 Nf6 2. Nc3 d5 3. Bf4 g6 4. e3 Bg7 5. h4 c6 6. Be2 {D00: 1 d4 d5: Unusual lines.} h5 7. Nf3 a5 8. Qd2 {[#] The position is equal.} a4 $146 ({Predecessor:} 8... Na6 9. Ne5 Bf5 10. f3 Nb4 11. Rc1 Nd7 12. Nxd7 Qxd7 13. a3 Na6 14. Na4 Qd8 {½-½ (48) Laurent,C (2103)-Schopf,O (2135) ICCF email 2008}) 9. a3 Bg4 10. O-O-O b5 11. Ne5 Bxe2 12. Qxe2 Qb6 13. Nd3 O-O 14. f3 Na6 15. Na2 c5 16. Be5 cxd4 17. exd4 Rac8 18. Nab4 Nxb4 19. Nxb4 Rfd8 20. g4 (20. c3 $16) 20... Qe6 $14 {[%cal Rh5g4]} 21. Qxb5 hxg4 22. Bxf6 exf6 (22... Bxf6 $11 23. fxg4 Qxg4) 23. Rhe1 Qf5 24. fxg4 Qxg4 25. Nxd5 {[#] Threatens to win with Ne7+.} Kh7 {Strongly threatening ...Qf5!} 26. Ne7 ({White should play} 26. Kb1 $16) 26... Rc7 $11 {Hoping for ...Rxe7!} 27. Nc6 Rd6 28. Nb4 $1 ({Wrong is} 28. d5 $2 {[#]} Rcxc6 $1 {[%mdl 512]} 29. Qb4 Qh5 $19) 28... Rxd4 29. Rxd4 Qxd4 30. Qd5 (30. Qxa4 $11 Qxh4 31. Qe8) 30... f5 $17 ({Much weaker is} 30... Qxh4 $6 31. Rh1 $11) 31. Qxd4 Bxd4 32. Nd5 {Accuracy: White = 76%, Black = 78%.} 1/2-1/2

[Event "AUT-ch Open 2020"]
[Site "Graz"]
[Date "2020.02.18"]
[Round "5.25"]
[White "Blohberger, Felix"]
[Black "Danner, Georg"]
[Result "1-0"]
[WhiteElo "2448"]
[BlackElo "2295"]
[Annotator "RC"]
[PlyCount "57"]
[EventDate "2020.02.14"]
[EventType "swiss"]
[EventCountry "AUT"]
[SourceTitle "playchess.com"]
[Source "ChessBase"]
[SourceQuality "1"]
[TimeControl "40/5400+30:1800+30"]

1. d4 {[%emt 0:01:00]} c5 {[%emt 0:00:00]} 2. d5 {[%emt 0:00:15]} g6 {[%emt 0:00:00]} 3. e4 {[%emt 0:00:13]} Bg7 {[%emt 0:00:00]} 4. Nc3 {[%emt 0:01:17]} d6 {[%emt 0:00:03]} 5. Bb5+ {[%emt 0:04:29]} Bd7 {[%emt 0:00:06]} 6. a4 {[%emt 0:00:05]} Nf6 {[%emt 0:00:11]} 7. Nf3 {[%emt 0:00:09]} O-O {[%emt 0:00:08]} 8. O-O {[%emt 0:04:10]} Bg4 {[%emt 0:00:24]} 9. Be2 {[%emt 0:03:21]} Bxf3 {[%emt 0:00:45]} 10. Bxf3 {[%emt 0:00:06]} Na6 {[%emt 0:00:04]} 11. Bg5 {[%emt 0:03:43]} Nc7 {[%emt 0:00:38]} 12. Qd2 {[%emt 0:06:15]} a6 {[%emt 0:00:50]} 13. Rae1 {[%emt 0:05:09]} Nd7 {[%emt 0:05:59]} 14. Be2 {[%emt 0:04:42]} Rb8 {[%emt 0:00:37]} 15. f4 {[%emt 0:01:29]} f6 {[%emt 0:25:55]} 16. Bh4 {[%emt 0:01:01]} b5 {[%emt 0:00:07]} 17. b3 {[%emt 0:09:33]} bxa4 {[%emt 0:10:37]} 18. Nxa4 {[%emt 0:00:24]} Rb4 {[%emt 0:01:29]} 19. Bc4 {[%emt 0:03:09]} Nb6 {[%emt 0:14:25]} 20. Nxb6 {[%emt 0:02:56]} Rxb6 {[%emt 0:00:02]} 21. e5 {[%emt 0:18:09]} fxe5 {[%emt 0:04:37]} 22. fxe5 {[%emt 0:00:42]} Rxf1+ {[%emt 0:00:53]} 23. Kxf1 {[%emt 0:00:20]} Nb5 {[%emt 0:18:27]} 24. Kg1 {[%emt 0:05:41]} Bxe5 {[%emt 0:06:25]} 25. Rxe5 {[%emt 0:01:26]} dxe5 {[%emt 0:00:04]} 26. Bxe7 {[%emt 0:00:17]} Qd7 {[%emt 0:02:56]} 27. d6+ {[%emt 0:00:07]} Kg7 {[%emt 0:00:08]} 28. Qd5 {[%emt 0:04:23]} Rxd6 {[%emt 0:04:03]} 29. Qxe5+ {[%emt 0:00:41]} 1-0

[Event "AUT-ch Open 2020"]
[Site "Graz"]
[Date "2020.02.18"]
[Round "5.26"]
[White "Matt, Fabian"]
[Black "Valeanu, Eduard-Andrei"]
[Result "1/2-1/2"]
[WhiteElo "2290"]
[BlackElo "2427"]
[Annotator "RC"]
[PlyCount "151"]
[EventDate "2020.02.14"]
[EventType "swiss"]
[EventCountry "AUT"]
[SourceTitle "playchess.com"]
[Source "ChessBase"]
[SourceQuality "1"]
[TimeControl "40/5400+30:1800+30"]

1. Nf3 {[%emt 0:00:00]} c5 {[%emt 0:00:53]} 2. c4 {[%emt 0:00:21]} Nf6 {[%emt 0:00:35]} 3. Nc3 {[%emt 0:01:26]} d5 {[%emt 0:00:05]} 4. cxd5 {[%emt 0:00:31]} Nxd5 {[%emt 0:00:05]} 5. e3 {[%emt 0:07:03]} Nc6 {[%emt 0:01:44]} 6. Bb5 {[%emt 0:03:55]} Ndb4 {[%emt 0:00:49]} 7. O-O {[%emt 0:02:33]} a6 {[%emt 0:01:10]} 8. Be2 {[%emt 0:00:37]} Bf5 {[%emt 0:04:04]} 9. Ne1 {[%emt 0:08:28]} Nd3 {[%emt 0:05:02]} 10. Qb3 {[%emt 0:10:55]} b5 {[%emt 0:03:31]} 11. Bf3 {[%emt 0:05:28]} Rc8 {[%emt 0:01:14]} 12. a4 {[%emt 0:14:33]} c4 {[%emt 0:02:21]} 13. Qd1 {[%emt 0:00:28]} b4 {[%emt 0:00:16]} 14. Ne2 {[%emt 0:00:45]} e5 {[%emt 0:01:11]} 15. Ng3 {[%emt 0:00:46]} Be6 {[%emt 0:02:24]} 16. b3 {[%emt 0:02:41]} Nc5 {[%emt 0:18:05]} 17. bxc4 {[%emt 0:04:18]} Bxc4 {[%emt 0:00:14]} 18. d3 {[%emt 0:00:11]} Bb3 {[%emt 0:03:46]} 19. Qe2 {[%emt 0:00:29]} Nxa4 {[%emt 0:00:10]} 20. d4 {[%emt 0:00:30]} Nb6 {[%emt 0:04:40]} 21. Bb2 {[%emt 0:07:52]} Bc4 {[%emt 0:00:47]} 22. Nd3 {[%emt 0:00:17]} Be7 {[%emt 0:00:34]} 23. Rfd1 {[%emt 0:09:19]} exd4 {[%emt 0:01:20]} 24. exd4 {[%emt 0:00:12]} O-O {[%emt 0:00:38]} 25. d5 {[%emt 0:00:45]} Nxd5 {[%emt 0:00:52]} 26. Qe4 {[%emt 0:06:38]} Bb3 {[%emt 0:00:04]} 27. Nf4 {[%emt 0:01:42]} Bxd1 {[%emt 0:01:05]} 28. Rxd1 {[%emt 0:00:07]} Nc3 {[%emt 0:01:50]} 29. Bxc3 {[%emt 0:01:09]} bxc3 {[%emt 0:01:31]} 30. Rxd8 {[%emt 0:00:15]} Rfxd8 {[%emt 0:00:03]} 31. Nd5 {[%emt 0:04:06]} Rxd5 {[%emt 0:01:34]} 32. Qxd5 {[%emt 0:00:57]} c2 {[%emt 0:00:03]} 33. Ne2 {[%emt 0:02:31]} Rd8 {[%emt 0:00:31]} 34. Qxd8+ {[%emt 0:01:21]} Nxd8 {[%emt 0:01:08]} 35. Be4 {[%emt 0:00:01]} g6 {[%emt 0:01:35]} 36. f4 {[%emt 0:01:23]} Bc5+ {[%emt 0:01:11]} 37. Kf1 {[%emt 0:00:07]} Kg7 {[%emt 0:01:26]} 38. Bxc2 {[%emt 0:01:15]} a5 {[%emt 0:00:32]} 39. g4 {[%emt 0:00:35]} Nb7 {[%emt 0:02:00]} 40. Nc3 {[%emt 0:01:26]} Bd4 {[%emt 0:00:16]} 41. Ne4 {[%emt 0:30:31]} Nd8 {[%emt 0:32:26]} 42. Ke2 {[%emt 0:00:18]} Nc6 {[%emt 0:00:15]} 43. h3 {[%emt 0:01:15]} Nb4 {[%emt 0:00:20]} 44. Bb3 {[%emt 0:00:12]} f6 {[%emt 0:00:22]} 45. Nd6 {[%emt 0:01:01]} Bc3 {[%emt 0:01:26]} 46. Ne4 {[%emt 0:00:11]} Bb2 {[%emt 0:00:56]} 47. Nd6 {[%emt 0:00:27]} Nc6 {[%emt 0:02:26]} 48. Kd3 {[%emt 0:01:15]} g5 {[%emt 0:03:18]} 49. Nc4 {[%emt 0:00:00]} Ba1 {[%emt 0:00:00]} 50. Ba4 {[%emt 0:00:00]} Ne7 {[%emt 0:00:00]} 51. fxg5 {[%emt 0:00:00]} fxg5 {[%emt 0:00:00]} 52. Nxa5 {[%emt 0:00:00]} Nd5 {[%emt 0:00:00]} 53. Nc6 {[%emt 0:00:00]} Nf4+ {[%emt 0:00:00]} 54. Ke4 {[%emt 0:00:00]} Nxh3 {[%emt 0:00:00]} 55. Ne7 {[%emt 0:00:00]} Kf6 {[%emt 0:00:00]} 56. Ng8+ {[%emt 0:00:00]} Kf7 {[%emt 0:00:00]} 57. Bb3+ {[%emt 0:00:00]} Kg7 {[%emt 0:00:00]} 58. Kf5 {[%emt 0:00:00]} h6 {[%emt 0:00:00]} 59. Ne7 {[%emt 0:00:00]} Nf2 {[%emt 0:00:00]} 60. Bc2 {[%emt 0:00:32]} Bf6 {[%emt 0:00:00]} 61. Nd5 {[%emt 0:00:33]} Bd4 {[%emt 0:00:00]} 62. Nc7 {[%emt 0:00:34]} Kf7 {[%emt 0:00:00]} 63. Bb3+ {[%emt 0:01:25]} Ke7 {[%emt 0:00:00]} 64. Ne6 {[%emt 0:02:03]} Be3 {[%emt 0:00:00]} 65. Bd5 {[%emt 0:01:26]} Kd6 {[%emt 0:00:00]} 66. Bf3 {[%emt 0:00:30]} Nd3 {[%emt 0:00:00]} 67. Ke4 {[%emt 0:00:54]} Ne5 {[%emt 0:00:00]} 68. Ng7 {[%emt 0:00:26]} Bf4 {[%emt 0:00:00]} 69. Nf5+ {[%emt 0:00:04]} Ke6 {[%emt 0:00:00]} 70. Nxh6 {[%emt 0:00:12]} Nc4 {[%emt 0:00:00]} 71. Be2 {[%emt 0:00:49]} Nd6+ {[%emt 0:00:00]} 72. Kd4 {[%emt 0:00:17]} Be5+ {[%emt 0:00:00]} 73. Ke3 {[%emt 0:00:08]} Bf4+ {[%emt 0:00:00]} 74. Kd4 {[%emt 0:00:04]} Kf6 {[%emt 0:00:24]} 75. Nf5 {[%emt 0:00:23]} Nxf5+ {[%emt 0:00:22]} 76. gxf5 {[%emt 0:00:05] Ke5+ Ke4+} 1/2-1/2

[Event "AUT-ch Open 2020"]
[Site "Graz"]
[Date "2020.02.18"]
[Round "5.27"]
[White "Poetz, Florian"]
[Black "Ozturk, Kubra"]
[Result "0-1"]
[WhiteElo "2425"]
[BlackElo "2286"]
[Annotator "TA"]
[PlyCount "52"]
[EventDate "2020.02.14"]
[EventType "swiss"]
[EventCountry "AUT"]
[SourceTitle "playchess.com"]
[Source "ChessBase"]
[SourceQuality "1"]

{[%evp 9,52,24,18,0,0,-6,-2,-5,4,6,25,-16,0,0,14,11,18,20,33,24,31,27,33,0,23,18,21,-26,0,0,0,-218,-233,-412,-402,-789,-303,-303,-303,-295,-295,-294,-291,-284,-284]} 1. e4 e5 2. Nf3 Nf6 3. d3 d5 4. exd5 Qxd5 5. Nc3 Bb4 6. Bd2 {C42: Petroff Defence: 3 Nxe5 and unusual White 3rd moves.} Bxc3 7. Bxc3 Nc6 8. Be2 {[#] The position is equal.} Bd7 $146 ({Predecessor:} 8... b6 9. d4 e4 10. Ne5 O-O 11. O-O Bb7 12. Bc4 Qd6 13. f3 Rad8 14. Nxc6 Bxc6 15. fxe4 Bxe4 {1-0 (62) Zajic,M (2488)-Putka,V (2307) Skopje 2018}) 9. O-O O-O-O 10. d4 {[%cal Rd4e5]} exd4 11. Nxd4 Ne4 (11... Qg5 {with more complications.} 12. Qc1 Qg6 13. Bd3 Nxd4 14. Bxd4 Bf5) 12. Nxc6 Qxc6 13. Bd4 ({Wrong is} 13. Bxg7 $2 Rhg8 $19) 13... Kb8 14. c3 (14. Bxg7 $2 Rhg8 $19) 14... Rhe8 15. Re1 Qg6 16. Bd3 {Threatens to win with f3.} f5 17. f3 Ng5 {And now ...Rxe1+ would win.} 18. Kh1 Bc6 {White must now prevent ...Nxf3!} 19. Rxe8 Rxe8 20. Qf1 $2 {[#]} (20. Be2 $11 {and White stays safe.}) 20... Nxf3 $1 $19 {[%mdl 512]} 21. Bxa7+ $2 ({Much worse is} 21. gxf3 Qg4 $19) (21. Qf2 Nxd4 22. cxd4) 21... Ka8 (21... Kxa7 $2 22. Qf2+ b6 23. gxf3 $19) 22. Qf2 {[#]} (22. Bf2 $142 Qh5 23. h4 Nxh4 24. Bxh4 Qxh4+ 25. Kg1) 22... Re1+ $2 (22... Qd6 $1 {[%csl Gf3][%cal Rd6h2][%mdl 512]} 23. Qg3 f4) 23. Rxe1 {Black has a decisive advantage.} Nxe1 24. Bxf5 Qxg2+ 25. Qxg2 Nxg2 ({Not} 25... Bxg2+ 26. Kg1 $15) 26. Bd7 Bxd7 {Accuracy: White = 58%, Black = 82%.} 0-1

[Event "AUT-ch Open 2020"]
[Site "Graz"]
[Date "2020.02.18"]
[Round "5.28"]
[White "Yeritsyan, Aram"]
[Black "Handler, Lukas"]
[Result "1-0"]
[WhiteElo "2283"]
[BlackElo "2422"]
[Annotator "TA"]
[PlyCount "47"]
[EventDate "2020.02.14"]
[EventType "swiss"]
[EventCountry "AUT"]
[SourceTitle "playchess.com"]
[Source "ChessBase"]
[SourceQuality "1"]

{[%evp 10,47,10,2,44,45,112,109,105,104,110,105,101,102,106,105,93,85,116,118,126,100,120,89,102,68,101,93,126,122,133,103,127,111,118,115,130,110,570,572]} 1. d4 d5 2. c4 e6 3. Nf3 Nf6 4. Nc3 Bb4 5. Qb3 c5 6. dxc5 Nc6 {D38: Queen's Gambit Declined: Ragozin Defence (4 Nf3 Bb4).} 7. Bg5 $1 d4 ({Black should play} 7... dxc4 $14 8. Qxc4 Qa5) 8. O-O-O $16 Qa5 {[#] White is better.} 9. Nxd4 $146 ({Predecessor:} 9. Bxf6 gxf6 10. Ne4 f5 11. Nd6+ Ke7 12. e3 dxe3 13. Qxe3 Rg8 14. Nxf5+ Ke8 15. Nd6+ {½-½ (34) Gevorgyan,I (2315)-Abdusattorova,B (2094) Tashkent 2019}) 9... Nxd4 10. Rxd4 {aiming for Ne4.} Bxc5 11. Rd1 O-O 12. Bxf6 gxf6 13. g3 Bxf2 14. Ne4 Qb6 15. Nxf6+ Kg7 16. Nh5+ {[%cal Bf6h5,Bh5f4,Bf4d3][%mdl 32]} Kh6 {[#] And now ...Qxb3 would win.} 17. Nf4 Qxb3 18. axb3 {[%cal Ba2b3,Bb3c4][%mdl 32]} b5 19. Bg2 ({Don't take} 19. cxb5 $6 Be3+ 20. Kb1 e5 $14) 19... Rb8 20. Nd3 Be3+ 21. Kc2 bxc4 22. bxc4 Bd7 23. b3 {[#] Black must now prevent Ne5.} Rfc8 $2 {[%mdl 8192]} (23... Be8 $16 {is more resistant.} 24. Rhf1 Rc8) 24. Ne5 $1 {[%csl LRd7,LRf7][%mdl 64] Double Attack, Discovered Attack. Accuracy: White = 64%, Black = 42%.} 1-0

[Event "AUT-ch Open 2020"]
[Site "Graz"]
[Date "2020.02.18"]
[Round "5.29"]
[White "Socko, Monika"]
[Black "Peycheva, Gergana"]
[Result "1-0"]
[WhiteElo "2419"]
[BlackElo "2419"]
[Annotator "RC"]
[PlyCount "93"]
[EventDate "2020.02.14"]
[EventType "swiss"]
[EventCountry "AUT"]
[SourceTitle "playchess.com"]
[Source "ChessBase"]
[SourceQuality "1"]
[TimeControl "40/5400+30:1800+30"]

1. d4 {[%emt 0:00:00]} Nf6 {[%emt 0:00:00]} 2. c4 {[%emt 0:00:00]} e6 {[%emt 0:00:27]} 3. g3 {[%emt 0:00:00]} d5 {[%emt 0:00:49]} 4. Nf3 {[%emt 0:00:00]} Be7 {[%emt 0:00:56]} 5. Bg2 {[%emt 0:00:09]} O-O {[%emt 0:00:33]} 6. O-O {[%emt 0:00:06]} c6 {[%emt 0:01:00]} 7. Nbd2 {[%emt 0:03:33]} b6 {[%emt 0:01:48]} 8. b3 {[%emt 0:01:34]} Bb7 {[%emt 0:02:35]} 9. Bb2 {[%emt 0:00:08]} Nbd7 {[%emt 0:04:08]} 10. Ne5 {[%emt 0:03:56]} c5 {[%emt 0:05:16]} 11. cxd5 {[%emt 0:02:39]} Nxd5 {[%emt 0:06:31]} 12. Nxd7 {[%emt 0:16:52]} Qxd7 {[%emt 0:00:09]} 13. dxc5 {[%emt 0:00:10]} Bxc5 {[%emt 0:04:24]} 14. Ne4 {[%emt 0:06:55]} Be7 {[%emt 0:18:17]} 15. Qd4 {[%emt 0:00:34]} f6 {[%emt 0:00:04]} 16. Rad1 {[%emt 0:00:54]} Rfd8 {[%emt 0:04:58]} 17. Nc3 {[%emt 0:06:07]} Bc5 {[%emt 0:07:15]} 18. Qg4 {[%emt 0:05:38]} Qe7 {[%emt 0:03:18]} 19. Nxd5 {[%emt 0:06:31]} Bxd5 {[%emt 0:00:20]} 20. Bxd5 {[%emt 0:00:06]} Rxd5 {[%emt 0:00:31]} 21. Rxd5 {[%emt 0:00:47]} exd5 {[%emt 0:00:06]} 22. Rd1 {[%emt 0:01:03]} Re8 {[%emt 0:05:34]} 23. e3 {[%emt 0:02:41]} Qe4 {[%emt 0:02:48]} 24. Qe2 {[%emt 0:04:27]} a5 {[%emt 0:05:12]} 25. Bc3 {[%emt 0:07:57]} Rd8 {[%emt 0:06:16]} 26. Rd3 {[%emt 0:02:53]} a4 {[%emt 0:02:14]} 27. f3 {[%emt 0:03:02]} Qe7 {[%emt 0:05:24]} 28. bxa4 {[%emt 0:02:49]} Ra8 {[%emt 0:01:20]} 29. a5 {[%emt 0:01:02]} bxa5 {[%emt 0:00:54]} 30. Kg2 {[%emt 0:00:59]} a4 {[%emt 0:02:39]} 31. Rxd5 {[%emt 0:02:43]} Bxe3 {[%emt 0:03:03]} 32. Qc4 {[%emt 0:00:39]} Kh8 {[%emt 0:00:12]} 33. Qc6 {[%emt 0:00:24]} Re8 {[%emt 0:04:41]} 34. Rd7 {[%emt 0:01:53]} Qf8 {[%emt 0:00:03]} 35. Qxa4 {[%emt 0:02:00]} Bh6 {[%emt 0:01:40]} 36. Qc4 {[%emt 0:01:18]} Rc8 {[%emt 0:00:32]} 37. Qd3 {[%emt 0:01:08]} Qg8 {[%emt 0:01:31]} 38. a4 {[%emt 0:03:02]} Re8 {[%emt 0:00:39]} 39. a5 {[%emt 0:02:24]} Qa2+ {[%emt 0:00:39]} 40. Kh3 {[%emt 0:00:20]} Qe6+ {[%emt 0:00:14]} 41. g4 {[%emt 0:30:21]} Bf4 {[%emt 0:02:55]} 42. Rd8 {[%emt 0:00:00]} h5 {[%emt 0:02:44]} 43. Rxe8+ {[%emt 0:00:00]} Qxe8 {[%emt 0:00:01]} 44. Qf5 {[%emt 0:00:00]} Qe3 {[%emt 0:13:24]} 45. Qxh5+ {[%emt 0:00:00]} Kg8 {[%emt 0:03:42]} 46. Qd5+ {[%emt 0:00:00]} Kh8 {[%emt 0:00:01]} 47. Qa8+ {[%emt 0:00:00]} 1-0

[Event "AUT-ch Open 2020"]
[Site "Graz"]
[Date "2020.02.18"]
[Round "5.30"]
[White "Karthikeyan, P.."]
[Black "Brinovec, David"]
[Result "1-0"]
[WhiteElo "2406"]
[BlackElo "2279"]
[Annotator "TA"]
[PlyCount "85"]
[EventDate "2020.02.14"]
[EventType "swiss"]
[EventCountry "AUT"]
[SourceTitle "playchess.com"]
[Source "ChessBase"]
[SourceQuality "1"]

{[%evp 9,85,-9,-16,-15,-18,-15,0,-10,0,0,0,0,35,12,47,44,72,-37,83,79,100,91,91,102,89,90,117,97,116,12,45,10,64,39,142,102,131,131,131,131,137,130,412,388,385,387,384,210,195,195,353,343,347,343,328,338,270,198,193,92,79,95,550,540,1470,461,701,460,460,452,29992,29993,29993,29986,29994,29995,29995,29996]} 1. e4 e5 2. d4 exd4 3. Qxd4 Nc6 4. Qc4 Nf6 5. Nc3 Bb4 6. Bd2 {C22: Centre Game.} O-O {Strongly threatening ...Bxc3.} 7. O-O-O $1 d6 8. f3 {The position is equal.} Be6 9. Qe2 Re8 10. Qf2 a5 11. Nge2 Qe7 {[#]} 12. g4 $146 ({Predecessor:} 12. Nf4 Bxc3 13. Bxc3 Nb4 14. a3 Na2+ 15. Kd2 d5 16. Bxf6 Qxf6 17. Nd3 dxe4 18. fxe4 {1-0 (38) Wei,Y (2725)-Karjakin,S (2754) Jerusalem 2019}) 12... a4 13. Kb1 (13. a3 $1 $16) 13... Reb8 (13... a3 $15 {stays ahead.} 14. b3 Bc5) 14. Nf4 $16 Bxc3 15. Bxc3 b5 {[%cal Bb7b5,Bb5b4][%mdl 32]} 16. g5 Ne8 17. Nd5 Qd8 18. b3 axb3 19. cxb3 (19. axb3 $16 Ne7 20. f4) 19... b4 $11 20. Ba1 Ra5 ({Black should try} 20... Na7 $11) 21. f4 (21. Qe3 {seems wilder.} Na7 22. h4 Nb5 23. Bxb5 Rbxb5 24. Nf4) 21... Bxd5 ({Better is} 21... Rba8 $14) 22. Rxd5 Rxd5 23. exd5 Ne7 24. Bg2 Qd7 25. Re1 Rb5 $2 {[%mdl 8192]} (25... Ng6 $16 {was worth a try.}) 26. Qe2 Kf8 27. Bh3 Nf5 28. Qc2 (28. Bxf5 Qxf5+ 29. Kb2 Qd7 $16) (28. Qe4 $142 g6 29. Qd4) 28... Rxd5 $18 29. Qe4 Rb5 $2 {[#]} (29... c6 30. Qxb4 Rb5) 30. Qa8 $1 f6 31. gxf6 gxf6 32. Bxf6 {And now Re7! would win.} Qf7 {intending ...Qg6.} 33. Bb2 Qg6 {[#] and if ...Ne3+ works, Black does fine.} 34. Ka1 (34. Qe4 $1 $18 {is the precise move to win.}) 34... Ne3 $16 {( -> ...Nc2+)} 35. f5 $1 $36 {[%cal Rf5g6][%mdl 2048] Keeping Black busy.} Qh5 $2 {[%mdl 8192]} (35... Rxf5 $16 36. Qe4 {[%mdl 64] Double Attack} Re5 37. Qf4+ Ke7 38. Qh4+ (38. Bxe5 Nc2+ 39. Kb2 Nxe1 $11) 38... Kf8 39. Bxe5 Nc2+ 40. Kb2 Nxe1 41. Qxe1 dxe5) 36. Qe4 $18 Nd5 37. f6 (37. Qe6 $142 {White wants to mate with Bg4!} Rb8 38. Qxd5) 37... Qf7 (37... Qg6 $142 38. Bf5 Nexf6 39. Bxg6 Nxe4 40. Bxe4 h5) 38. Qe2 Rc5 39. Be6 Qg6 (39... Nf4 $18 40. Bxf7 Nxe2 41. Bxe8 (41. Rxe2 Kxf7 42. Re7+ Kf8 $11) 41... Rf5) 40. Bxd5 {White mates.} Rxd5 41. Qe7+ Kg8 {[#]} 42. f7+ $1 {[%mdl 576] Deflection} Qxf7 43. Rg1+ {Accuracy: White = 59%, Black = 45%.} 1-0

[Event "AUT-ch Open 2020"]
[Site "Graz"]
[Date "2020.02.18"]
[Round "5.31"]
[White "Pasti, Aron"]
[Black "Drnovsek, Gal"]
[Result "1/2-1/2"]
[WhiteElo "2247"]
[BlackElo "2247"]
[Annotator "TA"]
[PlyCount "147"]
[EventDate "2020.02.14"]
[EventType "swiss"]
[EventCountry "AUT"]
[SourceTitle "playchess.com"]
[Source "ChessBase"]
[SourceQuality "1"]

{[%evp 14,147,36,26,37,9,22,8,23,0,41,-2,-9,-14,-16,-26,-25,-28,-28,-22,0,0,6,14,24,14,22,14,22,-7,-7,-7,27,-22,-22,-22,-18,-73,-73,-87,-87,-87,-87,-108,-108,-101,-96,-94,-78,-101,-85,-103,-99,-111,-109,-127,-112,-143,-89,-87,-103,-146,-145,-197,-147,-144,-144,-393,-393,-879,-850,-811,-614,-584,-610,-593,-551,-443,-162,-136,-131,-239,0,-128,-118,-150,-91,-218,-238,-2600,-2502,-1818,-1189,-2126,-1094,-1041,-898,-12840,-12840,-12837,-12838,-12841,-12839,-12838,0,0,0,0,0,0,0,0,0,0,0,0,0,0,0,0,0,0,0,0,0,0,0,0,0,0,0,0,0,0,0,0]} 1. e4 c5 2. Nf3 d6 3. d4 cxd4 4. Nxd4 Nf6 5. Nc3 a6 6. h3 e6 7. g4 Be7 {7...Be7 is a critical line.} 8. Bg2 Nfd7 {B81: Sicilian Scheveningen: Keres Attack.} 9. O-O O-O 10. Be3 Nc6 11. Qd2 Nde5 12. b3 Nxd4 13. Bxd4 b5 14. a4 {[#]} b4 $146 ({Predecessor:} 14... bxa4 15. Nxa4 Bb7 16. Nb6 Rb8 17. Bxe5 {½-½ (17) Svidler,P (2731)-Ivanisevic,I (2613) Khanty-Mansiysk 2010}) 15. Ne2 a5 16. c3 Nc6 17. c4 e5 18. Be3 Nb8 19. f4 Nd7 20. Rad1 Qc7 21. Ng3 Nc5 $1 {[%cal Rc5b3]} 22. Qc2 Bb7 23. f5 Bh4 24. Kh2 f6 25. Bxc5 (25. Bf2 $11) 25... dxc5 $17 26. Rd3 Rad8 27. Rfd1 Bxg3+ 28. Kxg3 Rd4 29. Qe2 Rfd8 30. Kf2 Bc6 31. R1d2 Re8 32. Bf3 Qb7 {[%cal Rc6e4]} 33. Re3 g6 34. Bg2 Kh8 35. Rdd3 Rg8 (35... Red8 $142 36. Rg3 Qd7 37. Rxd4 Qxd4+ 38. Re3 g5) 36. fxg6 hxg6 37. Ke1 Rgd8 38. Kd2 (38. Qf3 $17 Kg7 39. Rxd4 exd4 40. Re2) 38... Qf7 39. Qf2 Kg7 40. Bf1 $2 {[#]} (40. Rxd4 $17 Rxd4+ 41. Ke1) 40... Bxa4 $1 $19 {[%mdl 576] Deflection} 41. bxa4 $2 (41. Kc1 Bc6 42. Rxd4 Rxd4 43. Rd3) 41... Qxc4 42. g5 fxg5 43. Qg3 Qc3+ 44. Ke2 Qb2+ 45. Ke1 Qc1+ $2 (45... Re8 46. Qg4 Rf8) 46. Kf2 Rf8+ 47. Rf3 Rxe4 $2 ({Weaker is} 47... Rf4 48. Rxf4 Qxf4+ 49. Qxf4 $15) (47... Qb2+ $1 $19 48. Kg1 Rxd3 49. Rxd3 Qa1 $1 {[%mdl 576] Double Attack}) 48. Kg1 (48. Rd7+ $11 {was the only way to keep the balance.} Kg8 49. Rxf8+ Kxf8 50. Qd3) 48... Rxf3 $17 49. Rxf3 {[#]} Qd2 (49... g4 $142 $1 {[%cal Rg4f3][%mdl 512]} 50. Qh4 (50. hxg4 Qg5) 50... gxf3 51. Qxe4 Qf4 52. Qxf4 exf4) 50. Rf2 {[#]} (50. Rd3 $17 Qc1 51. Rf3) 50... Qd4 $1 $19 51. Qxg5 $2 (51. Kh1 Kh6 52. Qg2) 51... Rf4 52. Qg3 c4 53. Kg2 b3 {[%cal Bb4b3,Bb3b2][%mdl 32]} 54. Rxf4 exf4 55. Qf3 b2 56. Qb7+ Kh6 57. Be2 {[#]} Qd2 $1 {[%mdl 512]} 58. Qe7 {[#]} Qd5+ $2 ({Better is} 58... f3+ $1 $19 {[%mdl 512]} 59. Kxf3 Qd5+ 60. Ke3 b1=Q 61. Qh4+ Kg7 62. Qe7+ Qf7 63. Qxf7+ Kxf7 64. Bxc4+ Kf6) 59. Bf3 $11 {The position is equal.} Qg5+ (59... Qd2+ $2 60. Be2 $19) 60. Qxg5+ Kxg5 {[%mdl 4096] Endgame KB-KP} 61. Be4 {Threatens to win with Kf3.} Kh5 $1 {[#]} 62. h4 $1 {[%mdl 512]} Kxh4 {Hoping for ...g5.} 63. Bxg6 Kg5 64. Bc2 Kf6 65. Kf3 Ke5 {Strongly threatening ...Kd4.} 66. Bb1 Kd4 {...Kc3 is the strong threat.} 67. Kxf4 {KB-K3P} Kc3 {aiming for ...Kd2.} 68. Ke3 Kb3 69. Kd4 c3 {( -> ...c2)} 70. Kd3 Kxa4 71. Kxc3 Kb5 72. Kxb2 a4 73. Ka3 Kc5 74. Kxa4 {Accuracy: White = 63%, Black = 80%.} 1/2-1/2